Comparative cytomorphological studies on a diploid, a triploid and a tetraploid clone of Hevea brasiliensis (Willd. ex. Adr.de Juss.) Muell. Arg. (Record no. 55916)

MARC details
000 -LEADER
fixed length control field 01624nam a2200241Ia 4500
100 ## - MAIN ENTRY--AUTHOR NAME
Personal name Saraswathyamma C K
245 #0 - TITLE STATEMENT
Title Comparative cytomorphological studies on a diploid, a triploid and a tetraploid clone of Hevea brasiliensis (Willd. ex. Adr.de Juss.) Muell. Arg.
260 ## - PUBLICATION, DISTRIBUTION, ETC. (IMPRINT)
Name of publisher Indian Journal of Natural Rubber Research
Year of publication 1988
300 ## - PHYSICAL DESCRIPTION
Number of Pages 7-Jan
520 ## - SUMMARY, ETC.
Summary, etc Cytomorphological observations were made on an induced tetraploid clone, an evolved triploid clone and a diploid clone of Hevea brasiliensis (Willd. ex. Adr. de Juss.) Muell. Arge. Both the tetraploid and the triploid had varied number of leaflets, large floral parts and stomata and thicker leaflets compared to those of the diploid. In growth and morphological features at the early stage of growth, the triploid appeared to be intermediate between the diploid and tetraploid. Meiotic studies of the tetraploid showed large number of bivalents, while frequency of univalents, trivalents and quadrivalents was comparatively low. The triploid exhibited univalents, bivalents and trivalents. Anaphase I showed unequal segregation and formation of laggards and micronuclei in the tetraploid and the triploid, the frequency of their occurrence being more in the triploid. Pollen stainability was very low in the triploid.
650 ## - SUBJECT ADDED ENTRY--TOPICAL TERM
Topical Term Amphidiploid
650 ## - SUBJECT ADDED ENTRY--TOPICAL TERM
Topical Term Diploid
650 ## - SUBJECT ADDED ENTRY--TOPICAL TERM
Topical Term Hevea brasiliensis
650 ## - SUBJECT ADDED ENTRY--TOPICAL TERM
Topical Term Meiosis
650 ## - SUBJECT ADDED ENTRY--TOPICAL TERM
Topical Term Tetraploid
650 ## - SUBJECT ADDED ENTRY--TOPICAL TERM
Topical Term Triploid
700 ## - ADDED ENTRY--PERSONAL NAME
Personal name Licy J
700 ## - ADDED ENTRY--PERSONAL NAME
Personal name Nazeer M A
700 ## - ADDED ENTRY--PERSONAL NAME
Personal name Panikkar A O N
700 ## - ADDED ENTRY--PERSONAL NAME
Personal name Premakumari D
942 ## - ADDED ENTRY ELEMENTS (KOHA)
Koha item type Journals
Holdings
Withdrawn status Lost status Damaged status Not for loan Home library Current library Shelving location Date acquired Serial Enumeration / chronology Koha item type
      Journals RRII Library RRII Library Botany 17/12/2021 Volume 1, Issue 1 Journals